[Event "Titled Tuesday intern op 13th Feb Late"]
[Site "Chess.com INT"]
[Date "2024.02.13"]
[Round "8"]
[White "Delgado Kuffo, Andres"]
[Black "Krzywda, Andrzej"]
[Result "0-1"]
[WhiteElo "2320"]
[BlackElo "2211"]
[PlyCount "68"]
[EventDate "2024.02.13"]
[EventType "swiss (blitz)"]
[EventRounds "11"]
[EventCountry "USA"]
[SourceTitle "CB08_2024"]
[SourceDate "2024.02.21"]
[SourceVersion "1"]
[SourceVersionDate "2024.02.21"]
[SourceQuality "1"]

1. e4 e5 2. Nc3 Nf6 3. d4 exd4 4. Qxd4 Nc6 5. Qc4 Bb4 6. Bd2 0-0 7. 0-0-0 Re8 8. f3 a5 9. Nge2 Ne5 10. Qd4 c6 11. Qf2 a4 12. a3 Bf8 13. Bg5 h6 14. Bh4 Ng6 15. Bg3 b5 16. Na2 d6 17. Nd4 Qb6 18. h4 Ne5 19. h5 Rb8 20. Nf5 Bxf5 21. exf5 c5 22. Bf4 Nc4 23. Kb1 Rb7 24. Bxc4 bxc4 25. Bc1 d5 26. g4 d4 27. Qd2 Nd5 28. c3 Qb3 29. Rhe1 Rxe1 30. Rxe1 dxc3 31. Qxd5 cxb2 32. Bd2 Qxa3 33. Bc3 Qb3 34. Re8 Qd1+ 0-1

[Event "Titled Tuesday intern op 13th Feb Early"]
[Site "Chess.com INT"]
[Date "2024.02.13"]
[Round "1"]
[White "Delgado Kuffo, Andres"]
[Black "Skotheim, Andreas"]
[Result "0-1"]
[WhiteElo "2320"]
[BlackElo "2209"]
[PlyCount "68"]
[EventDate "2024.02.13"]
[EventType "swiss (blitz)"]
[EventRounds "11"]
[EventCountry "USA"]
[SourceTitle "CB08_2024"]
[SourceDate "2024.02.21"]
[SourceVersion "1"]
[SourceVersionDate "2024.02.21"]
[SourceQuality "1"]

1. e4 d6 2. d4 Nf6 3. Nc3 c6 4. Bg5 Nbd7 5. Qd2 e5 6. Nf3 Be7 7. 0-0-0 0-0 8. h4 Re8 9. dxe5 Nxe5 10. Nd4 h6 11. Bxf6 Bxf6 12. f4 Ng4 13. g3 Qb6 14. Na4 Qxd4 15. Qxd4 Bxd4 16. Rxd4 Nf2 17. Rg1 Rxe4 18. Rxe4 Nxe4 19. Bd3 Nf6 20. c4 Bg4 21. Kd2 Re8 22. Nc3 g6 23. b4 Kg7 24. a4 a6 25. Rb1 Nd7 26. b5 axb5 27. axb5 Nc5 28. bxc6 bxc6 29. Rb6 Bf3 30. Be2 Bg2 31. Bd1 h5 32. Ba4 Nxa4 33. Nxa4 Re4 34. Kd3 d5 0-1

[Event "Titled Tuesday intern op 13th Feb Early"]
[Site "Chess.com INT"]
[Date "2024.02.13"]
[Round "10"]
[White "Levitan, Caleb Levi"]
[Black "Delgado Kuffo, Andres"]
[Result "1-0"]
[WhiteElo "2265"]
[BlackElo "2320"]
[PlyCount "95"]
[EventDate "2024.02.13"]
[EventType "swiss (blitz)"]
[EventRounds "11"]
[EventCountry "USA"]
[SourceTitle "CB08_2024"]
[SourceDate "2024.02.21"]
[SourceVersion "1"]
[SourceVersionDate "2024.02.21"]
[SourceQuality "1"]

1. d4 Nf6 2. Bf4 c5 3. e3 Qb6 4. Na3 Qxb2 5. Nb5 Nd5 6. a3 Nxf4 7. exf4 Na6 8. Bc4 d5 9. Ra2 Qxa2 10. Bxa2 c4 11. Ne2 Bd7 12. Nbc3 e6 13. f5 Bxa3 14. fxe6 fxe6 15. 0-0 0-0 16. Nb1 Bd6 17. c3 Nc7 18. Nd2 b5 19. Nf3 a5 20. Ne5 Be8 21. Bb1 b4 22. Qc2 g6 23. g3 Nb5 24. cxb4 axb4 25. Qd2 Na3 26. Qh6 Nxb1 27. Rxb1 c3 28. Qc1 Bb5 29. Nxc3 bxc3 30. Rxb5 Rfc8 31. Rb1 Ra2 32. Qd1 Rd2 33. Qc1 Rxd4 34. Nf3 Rd3 35. Ne1 Rd2 36. Rb3 Bc5 37. Rxc3 Rxf2 38. Kh1 Rf1+ 39. Kg2 Rxe1 40. Qxe1 Kg7 41. Qc1 Rb8 42. Rxc5 Rb2+ 43. Qxb2+ Kh6 44. Qc3 Kh5 45. Qd2 g5 46. Qe2+ g4 47. Qxe6 Kg5 48. Rxd5# 1-0

[Event "Titled Tuesday intern op 06th Feb Early"]
[Site "Chess.com INT"]
[Date "2024.02.06"]
[Round "6"]
[White "Delgado Kuffo, Andres"]
[Black "Acosta Villarroel, Lorner Justus"]
[Result "0-1"]
[WhiteElo "2320"]
[BlackElo "2168"]
[PlyCount "76"]
[EventDate "2024.02.06"]
[EventType "swiss (blitz)"]
[EventRounds "11"]
[EventCountry "USA"]
[SourceTitle "CB07_2024"]
[SourceDate "2024.02.14"]
[SourceVersion "1"]
[SourceVersionDate "2024.02.14"]
[SourceQuality "1"]

1. e4 c5 2. Nf3 Nc6 3. b4 Nxb4 4. c3 Nc6 5. d4 d5 6. exd5 Qxd5 7. Be2 cxd4 8. cxd4 e6 9. 0-0 Nf6 10. Nc3 Qd8 11. Bf4 Bd6 12. Ne5 0-0 13. Bf3 Ne7 14. Nb5 Bb8 15. Bg3 Nfd5 16. a4 Bd7 17. Rc1 a6 18. Na3 Nf5 19. Bxd5 exd5 20. Qf3 Nxg3 21. fxg3 Bxe5 22. dxe5 Bxa4 23. Rb1 Bc6 24. Qf4 d4 25. Rfd1 Qd5 26. Rb2 Rad8 27. Nc2 Ba4 28. Rxd4 Qc5 29. Qf2 Qxe5 30. Rxd8 Rxd8 31. Ne3 Bc6 32. Re2 h5 33. Re1 Re8 34. Nc2 Qd5 35. Rxe8+ Bxe8 36. Ne3 Qe4 37. h3 Bc6 38. Kh2 g6 0-1

[Event "Titled Tuesday intern op 06th Feb Early"]
[Site "Chess.com INT"]
[Date "2024.02.06"]
[Round "4"]
[White "Omariev, Maksim"]
[Black "Delgado Kuffo, Andres"]
[Result "0-1"]
[WhiteElo "2304"]
[BlackElo "2320"]
[PlyCount "96"]
[EventDate "2024.02.06"]
[EventType "swiss (blitz)"]
[EventRounds "11"]
[EventCountry "USA"]
[SourceTitle "CB07_2024"]
[SourceDate "2024.02.14"]
[SourceVersion "1"]
[SourceVersionDate "2024.02.14"]
[SourceQuality "1"]

1. g4 d5 2. Bg2 c6 3. h3 e5 4. d4 e4 5. c3 Bd6 6. c4 h5 7. g5 Ne7 8. Nc3 Be6 9. Qb3 Qb6 10. c5 Qxb3 11. axb3 Bc7 12. b4 Nd7 13. h4 Nf5 14. Be3 Nxe3 15. fxe3 Nf8 16. Kf2 Ng6 17. Bh3 0-0 18. b5 a6 19. b6 Bd8 20. Kg3 Be7 21. Rf1 Rae8 22. Bf5 Bxf5 23. Rxf5 f6 24. Nh3 Nxh4 25. Kxh4 fxg5+ 26. Rxg5 g6 27. Kg3 Bxg5 28. Nxg5 Rf5 29. Nh3 g5 30. Nb1 Kg7 31. Nd2 Kg6 32. Rf1 Rxf1 33. Nxf1 Rf8 34. Nd2 Rf7 35. Kg2 Kf5 36. Nf1 Kg4 37. Ng3 h4 38. Nf1 Rxf1 39. Nxg5 Kxg5 40. Kxf1 Kg4 41. Kg2 h3+ 42. Kh2 Kh4 43. b4 Kg4 44. Kh1 Kg3 45. Kg1 h2+ 46. Kh1 Kf2 47. Kxh2 Kxe2 48. b5 axb5 0-1

[Event "Titled Tuesday intern op 09th Jan Early"]
[Site "Chess.com INT"]
[Date "2024.01.09"]
[Round "2"]
[White "Delgado Kuffo, Andres"]
[Black "Kopczynski, Michal"]
[Result "0-1"]
[WhiteElo "2320"]
[BlackElo "2225"]
[PlyCount "80"]
[EventDate "2024.01.09"]
[EventType "swiss (blitz)"]
[EventRounds "11"]
[EventCountry "USA"]
[SourceTitle "CB03_2024"]
[SourceDate "2024.01.17"]
[SourceVersion "1"]
[SourceVersionDate "2024.01.17"]
[SourceQuality "1"]

1. e4 b6 2. d4 Bb7 3. Bd3 e6 4. Nf3 Nf6 5. Qe2 d5 6. e5 Nfd7 7. 0-0 c5 8. c3 Nc6 9. a3 Qc7 10. b4 c4 11. Bc2 h6 12. h4 0-0-0 13. h5 Re8 14. Bf4 f6 15. Bg6 Rd8 16. Bg3 fxe5 17. dxe5 Be7 18. Nbd2 Nf8 19. Bc2 Rg8 20. a4 g6 21. hxg6 Nxg6 22. a5 b5 23. a6 Ba8 24. Bxg6 Rxg6 25. Nh4 Rgg8 26. Qh5 d4 27. Qxh6 dxc3 28. Qxe6+ Kb8 29. Ne4 Nd4 30. Qxg8 Rxg8 31. e6 Ne2+ 32. Kh2 Nxg3 33. fxg3 Bxe4 34. Rf4 Qxf4 35. gxf4 Bxh4 36. Kh3 Be7 37. g4 Bxb4 38. f5 Be7 39. Re1 c2 40. Kg3 Bg5 0-1

[Event "Titled Tuesday intern op 09th Jan Early"]
[Site "Chess.com INT"]
[Date "2024.01.09"]
[Round "5"]
[White "Delgado Kuffo, Andres"]
[Black "Ronka, Erik"]
[Result "0-1"]
[WhiteElo "2320"]
[BlackElo "2291"]
[PlyCount "88"]
[EventDate "2024.01.09"]
[EventType "swiss (blitz)"]
[EventRounds "11"]
[EventCountry "USA"]
[SourceTitle "CB03_2024"]
[SourceDate "2024.01.17"]
[SourceVersion "1"]
[SourceVersionDate "2024.01.17"]
[SourceQuality "1"]

1. e4 c5 2. Nf3 e6 3. c3 Nf6 4. Bd3 d5 5. e5 Nfd7 6. Bc2 d4 7. b4 dxc3 8. Nxc3 cxb4 9. Ne4 Nc6 10. d4 Be7 11. h4 b6 12. Bg5 Ba6 13. Nd6+ Kf8 14. Be4 Rc8 15. Qa4 Na5 16. Nxc8 Qxc8 17. Rc1 Qd8 18. Bxe7+ Qxe7 19. Rc7 Ke8 20. Rxa7 Bc8 21. 0-0 Kd8 22. Rc1 Nc5 23. Rxe7 Nxa4 24. Rxf7 Nc3 25. Bd3 Nc6 26. a3 Bd7 27. axb4 Na2 28. Ra1 Naxb4 29. Ra8+ Bc8 30. Be4 Nd5 31. Bxd5 exd5 32. Ng5 Re8 33. e6 b5 34. Nxh7 b4 35. Rxg7 b3 36. Ra1 Nxd4 37. Rb1 Rxe6 38. Ng5 Re2 39. Nf7+ Kc7 40. Ne5+ Kd6 41. Nd3 Bf5 42. Rg3 Bxd3 43. Rxd3 b2 44. Rc3 Ke5 0-1

[Event "Titled Tuesday intern op 09th Jan Early"]
[Site "Chess.com INT"]
[Date "2024.01.09"]
[Round "6"]
[White "Pappelis, Dimitrios"]
[Black "Delgado Kuffo, Andres"]
[Result "1-0"]
[WhiteElo "2165"]
[BlackElo "2320"]
[PlyCount "101"]
[EventDate "2024.01.09"]
[EventType "swiss (blitz)"]
[EventRounds "11"]
[EventCountry "USA"]
[SourceTitle "CB03_2024"]
[SourceDate "2024.01.17"]
[SourceVersion "1"]
[SourceVersionDate "2024.01.17"]
[SourceQuality "1"]

1. Nf3 d5 2. e3 Nf6 3. c4 c6 4. b3 Bf5 5. Bb2 e6 6. d3 Bb4+ 7. Nc3 Qa5 8. Rc1 Qxa2 9. Qd2 Qa5 10. Be2 dxc4 11. bxc4 Na6 12. 0-0 Rd8 13. Nd4 Bg6 14. Qc2 e5 15. Nb3 Qc7 16. Ne4 Bxe4 17. dxe4 0-0 18. c5 Nxc5 19. Nxc5 Rd2 20. Qb3 Bxc5 21. Rxc5 Rxe2 22. Rxe5 Qb6 23. Qxb6 axb6 24. Ba3 c5 25. Rb1 Nd7 26. Rd5 Ra2 27. Rxd7 Rxa3 28. Rxb7 c4 29. R7xb6 Rc8 30. Rb8 Ra8 31. Rxa8 Rxa8 32. Kf1 g5 33. Rc1 Rc8 34. Ke2 g4 35. f4 gxf3+ 36. gxf3 Kg7 37. e5 Kg6 38. e4 Kg5 39. Ke3 h5 40. f4+ Kg4 41. f5 h4 42. Rc2 Kh3 43. Kf4 Rc5 44. e6 fxe6 45. fxe6 Rc7 46. Ke5 Kg4 47. Kd6 Ra7 48. e7 Rxe7 49. Kxe7 Kf4 50. Rxc4 Ke5 51. Ra4 1-0

[Event "Titled Tuesday intern op 24th Oct Late"]
[Site "Chess.com INT"]
[Date "2023.10.24"]
[Round "4"]
[White "Delgado Kuffo, Andres"]
[Black "Stankovic, Boris"]
[Result "0-1"]
[WhiteElo "2320"]
[BlackElo "2319"]
[PlyCount "92"]
[EventDate "2023.10.24"]
[EventType "swiss (blitz)"]
[EventRounds "11"]
[EventCountry "USA"]
[SourceTitle "Mega2024 Update 01"]
[Source "Chessbase"]
[SourceDate "2023.11.12"]
[SourceVersion "1"]
[SourceVersionDate "2023.11.12"]
[SourceQuality "1"]

1. e4 c6 2. d4 g6 3. Nc3 Bg7 4. Nf3 d5 5. h3 dxe4 6. Nxe4 Nf6 7. Nxf6+ exf6 8. Bc4 0-0 9. 0-0 Nd7 10. Bf4 Nb6 11. Bd3 Nd5 12. Bg3 Be6 13. c4 Nb6 14. b3 Qd7 15. a4 a5 16. Qd2 Rfd8 17. Rad1 Nc8 18. Rfe1 Nd6 19. Bc2 Bf5 20. d5 Bxc2 21. Qxc2 Nf5 22. dxc6 Qxc6 23. Bf4 Bf8 24. Rxd8 Rxd8 25. Rd1 Re8 26. Qd2 Bc5 27. Qd7 Qxd7 28. Rxd7 Re2 29. g4 Rxf2 30. gxf5 Rxf3+ 31. Kg2 Rxf4 32. Rxb7 Rxf5 33. Rb5 Bb4 34. Rxf5 gxf5 35. Kf3 Kg7 36. Kf4 Kg6 37. h4 h5 38. Kf3 Bd6 39. Ke3 f4+ 40. Ke4 f5+ 41. Kf3 Kf6 42. c5 Bxc5 43. Kxf4 Bd6+ 44. Kf3 Ke5 45. Ke3 f4+ 46. Kf3 Kf5 0-1

[Event "Titled Tuesday intern op 19th Sep Early"]
[Site "Chess.com INT"]
[Date "2023.09.19"]
[Round "5"]
[White "Delgado Kuffo, Andres"]
[Black "Lach, Aleksandra"]
[Result "0-1"]
[WhiteElo "2320"]
[BlackElo "2238"]
[PlyCount "66"]
[EventDate "2023.09.19"]
[EventType "swiss (blitz)"]
[EventRounds "11"]
[EventCountry "USA"]
[SourceTitle "EXT 2024"]
[Source "ChessBase"]
[SourceDate "2023.10.10"]
[SourceVersion "1"]
[SourceVersionDate "2023.10.10"]
[SourceQuality "1"]

1. e4 c5 2. Nf3 a6 3. c3 Nc6 4. d4 cxd4 5. cxd4 d5 6. exd5 Qxd5 7. Nc3 Qa5 8. d5 Nb4 9. a3 Nf6 10. Bc4 Bg4 11. Bd2 Qc7 12. Qa4+ Nd7 13. Qxb4 e5 14. d6 Bxd6 15. Bxf7+ Kxf7 16. Qxg4 Nf6 17. Ng5+ Kg6 18. Qg3 e4 19. Qh4 Qc4 20. Ngxe4 Rhe8 21. f3 Kf7 22. Be3 Qd3 23. Kf2 Qc2+ 24. Kg1 Be5 25. Qf2 Qb3 26. Nxf6 Bxf6 27. Re1 Re6 28. Bc1 Rae8 29. Rxe6 Rxe6 30. g3 Qc4 31. Be3 Qd3 32. Bb6 Bxc3 33. bxc3 Re2 0-1

[Event "Titled Tuesday intern op 19th Sep Early"]
[Site "Chess.com INT"]
[Date "2023.09.19"]
[Round "9"]
[White "Delgado Kuffo, Andres"]
[Black "Tologontegin, Semetey"]
[Result "0-1"]
[WhiteElo "2320"]
[BlackElo "2368"]
[PlyCount "74"]
[EventDate "2023.09.19"]
[EventType "swiss (blitz)"]
[EventRounds "11"]
[EventCountry "USA"]
[SourceTitle "EXT 2024"]
[Source "ChessBase"]
[SourceDate "2023.10.10"]
[SourceVersion "1"]
[SourceVersionDate "2023.10.10"]
[SourceQuality "1"]

1. e4 c5 2. Nf3 e6 3. c3 d5 4. e5 d4 5. cxd4 cxd4 6. Bb5+ Bd7 7. Nxd4 Bxb5 8. Nxb5 Nc6 9. Qa4 a6 10. N5c3 Nge7 11. 0-0 Nf5 12. d3 Be7 13. Ne4 0-0 14. Bf4 Qxd3 15. Nbc3 Nfd4 16. Rfd1 Ne2+ 17. Kh1 Nxc3 18. Nxc3 Qf5 19. Rd7 Bc5 20. Rxb7 Nxe5 21. Bxe5 Qxe5 22. Qe4 Qh5 23. Kg1 Rad8 24. g3 Rd2 25. Rf1 Rfd8 26. Qc4 h6 27. Ne4 R2d5 28. Nxc5 Rxc5 29. Qxa6 Rd1 30. Rb8+ Kh7 31. Qa8 Qe2 32. Rxd1 Qxd1+ 33. Kg2 Rd5 34. Rh8+ Kg6 35. Qa3 Qc2 36. Qf3 Rf5 37. Qg4+ Kf6 0-1

[Event "Titled Tuesday intern op 19th Sep Early"]
[Site "Chess.com INT"]
[Date "2023.09.19"]
[Round "3"]
[White "Tulchynskyi, Feliks"]
[Black "Delgado Kuffo, Andres"]
[Result "1-0"]
[WhiteElo "2228"]
[BlackElo "2320"]
[PlyCount "71"]
[EventDate "2023.09.19"]
[EventType "swiss (blitz)"]
[EventRounds "11"]
[EventCountry "USA"]
[SourceTitle "EXT 2024"]
[Source "ChessBase"]
[SourceDate "2023.10.10"]
[SourceVersion "1"]
[SourceVersionDate "2023.10.10"]
[SourceQuality "1"]

1. c4 Nf6 2. Nc3 c5 3. e3 g6 4. d4 Bg7 5. Nf3 0-0 6. Be2 d6 7. 0-0 Nc6 8. d5 Na5 9. Nd2 e6 10. e4 a6 11. a4 b6 12. Re1 exd5 13. cxd5 Re8 14. Bd3 Ng4 15. Nf3 c4 16. Bc2 Rb8 17. h3 Ne5 18. Nd4 Nd3 19. Bxd3 Bxd4 20. Bc2 Qf6 21. Be3 Bxe3 22. Rxe3 Qd8 23. Qd4 b5 24. axb5 axb5 25. Qa7 b4 26. Qxb8 bxc3 27. bxc3 Nb7 28. Qa7 Nc5 29. e5 Qg5 30. Ba4 Rxe5 31. Rxe5 Qxe5 32. Qb8 Qxc3 33. Qxc8+ Kg7 34. Ra2 Nxa4 35. Qg4 Nc5 36. Qd1 1-0

[Event "Titled Tuesday intern op 12th Sep Early"]
[Site "Chess.com INT"]
[Date "2023.09.12"]
[Round "6"]
[White "Delgado Kuffo, Andres"]
[Black "Herman, Daniel"]
[Result "1-0"]
[WhiteElo "2320"]
[BlackElo "1927"]
[PlyCount "81"]
[EventDate "2023.09.12"]
[EventType "swiss (blitz)"]
[EventRounds "11"]
[EventCountry "USA"]
[SourceTitle "EXT 2024"]
[Source "ChessBase"]
[SourceDate "2023.10.10"]
[SourceVersion "1"]
[SourceVersionDate "2023.10.10"]
[SourceQuality "1"]

1. e4 Nf6 2. e5 Nd5 3. d4 d6 4. Bc4 c6 5. Qf3 dxe5 6. dxe5 Be6 7. Nc3 Nd7 8. Qg3 Qc7 9. Nf3 g6 10. 0-0 Bg7 11. Re1 0-0 12. Bg5 Nxc3 13. Bxe6 fxe6 14. bxc3 Rf7 15. Bf4 Raf8 16. Ng5 Rxf4 17. Nxe6 Qb6 18. Nxf4 Nxe5 19. Ne6 Nc4 20. Nxf8 Bxf8 21. Qg4 Nd6 22. Qe6+ Kg7 23. Rab1 Qc5 24. Qe5+ Qxe5 25. Rxe5 Kf6 26. Re2 Kf7 27. f4 Bg7 28. Rbe1 Bf6 29. g3 h5 30. a4 Nf5 31. Rb1 b6 32. Rb3 e6 33. Rd2 Be7 34. Rd7 Kf6 35. Rxa7 Bc5+ 36. Kg2 Ne3+ 37. Kf3 Nxc2 38. Rc7 Ne1+ 39. Ke2 Ng2 40. Rxc6 Ne3 41. Rxc5 1-0

[Event "Titled Tuesday intern op 12th Sep Early"]
[Site "Chess.com INT"]
[Date "2023.09.12"]
[Round "7"]
[White "Dushyant, Sharma"]
[Black "Delgado Kuffo, Andres"]
[Result "1-0"]
[WhiteElo "2339"]
[BlackElo "2320"]
[PlyCount "49"]
[EventDate "2023.09.12"]
[EventType "swiss (blitz)"]
[EventRounds "11"]
[EventCountry "USA"]
[SourceTitle "EXT 2024"]
[Source "ChessBase"]
[SourceDate "2023.10.10"]
[SourceVersion "1"]
[SourceVersionDate "2023.10.10"]
[SourceQuality "1"]

1. e4 e6 2. d4 d5 3. exd5 exd5 4. Bd3 Nc6 5. Nf3 Bg4 6. 0-0 Bxf3 7. Qxf3 Nxd4 8. Re1+ Ne6 9. c4 Bb4 10. Nc3 Ne7 11. cxd5 Nxd5 12. Rxe6+ fxe6 13. Qh5+ Kf8 14. Ne4 Nf6 15. Qf3 Qd5 16. Bg5 Be7 17. Rd1 Rd8 18. h4 h6 19. Bxf6 gxf6 20. Bc2 Qf5 21. Rxd8+ Bxd8 22. Qa3+ Be7 23. Qxa7 Rg8 24. Qb8+ Kg7 25. Qxc7 1-0

[Event "Titled Tuesday intern op 29th Aug Early"]
[Site "Chess.com INT"]
[Date "2023.08.29"]
[Round "6"]
[White "Andrews, Todd D"]
[Black "Delgado Kuffo, Andres"]
[Result "1-0"]
[WhiteElo "2149"]
[BlackElo "2320"]
[PlyCount "95"]
[EventDate "2023.08.29"]
[EventType "swiss (blitz)"]
[EventRounds "11"]
[EventCountry "USA"]
[SourceTitle "EXT 2024"]
[Source "ChessBase"]
[SourceDate "2023.10.10"]
[SourceVersion "1"]
[SourceVersionDate "2023.10.10"]
[SourceQuality "1"]

1. e4 e6 2. d4 d5 3. Nc3 Nf6 4. e5 Nfd7 5. Nce2 b6 6. c3 Ba6 7. Nf3 c5 8. h4 Nc6 9. h5 h6 10. Nf4 Bxf1 11. Kxf1 Be7 12. Rh3 Qc7 13. Rg3 Rg8 14. a3 c4 15. b4 cxb3 16. Qxb3 Na5 17. Qa4 Qc4+ 18. Qxc4 Nxc4 19. a4 0-0-0 20. Nd3 Kb7 21. Rb1 Rc8 22. Ke2 Na5 23. Bd2 Nc4 24. Nfe1 Nb8 25. f4 Nc6 26. Bc1 N6a5 27. f5 exf5 28. Nf4 Kc6 29. Rb5 Rcd8 30. Ned3 Na3 31. Bxa3 Bxa3 32. e6 fxe6 33. Ne5+ Kb7 34. Nxe6 Rde8 35. Rxg7+ Rxg7 36. Nxg7 Rg8 37. Nxf5 Rxg2+ 38. Kf3 Rh2 39. Rxd5 Rxh5 40. Rd7+ Ka6 41. Ne3 Rh3+ 42. Ke4 Nb3 43. Nc6 Nd2+ 44. Kd3 Rxe3+ 45. Kxe3 Nc4+ 46. Kd3 Nb2+ 47. Kc2 Nxa4 48. c4 1-0

[Event "Titled Tuesday intern op 29th Aug Early"]
[Site "Chess.com INT"]
[Date "2023.08.29"]
[Round "7"]
[White "Delgado Kuffo, Andres"]
[Black "Begunov, Konstantin"]
[Result "1-0"]
[WhiteElo "2320"]
[BlackElo "2325"]
[PlyCount "67"]
[EventDate "2023.08.29"]
[EventType "swiss (blitz)"]
[EventRounds "11"]
[EventCountry "USA"]
[SourceTitle "EXT 2024"]
[Source "ChessBase"]
[SourceDate "2023.10.10"]
[SourceVersion "1"]
[SourceVersionDate "2023.10.10"]
[SourceQuality "1"]

1. e4 c6 2. Ne2 d5 3. e5 Bg4 4. f3 Bh5 5. h4 h6 6. Nf4 Bg6 7. Nxg6 fxg6 8. Bd3 Kf7 9. f4 e6 10. h5 gxh5 11. Qxh5+ Ke7 12. Nc3 Kd7 13. f5 exf5 14. Bxf5+ Kc7 15. d4 Ne7 16. Bf4 Nxf5 17. Qxf5 Bb4 18. Qf7+ Qe7 19. Qg6 Bxc3+ 20. bxc3 b5 21. a4 b4 22. a5 Na6 23. 0-0 Raf8 24. e6+ Kb7 25. Be5 Rhg8 26. Rf7 Rxf7 27. exf7 Rf8 28. Rf1 Nc7 29. Bxg7 Qe3+ 30. Kh1 Ne6 31. a6+ Kxa6 32. Bxf8 Nxf8 33. Qxc6+ Ka5 34. Ra1# 1-0

[Event "Titled Tuesday intern op 29th Aug Early"]
[Site "Chess.com INT"]
[Date "2023.08.29"]
[Round "2"]
[White "Kovalevsky, Stanislav"]
[Black "Delgado Kuffo, Andres"]
[Result "1-0"]
[WhiteElo "2163"]
[BlackElo "2320"]
[PlyCount "107"]
[EventDate "2023.08.29"]
[EventType "swiss (blitz)"]
[EventRounds "11"]
[EventCountry "USA"]
[SourceTitle "EXT 2024"]
[Source "ChessBase"]
[SourceDate "2023.10.10"]
[SourceVersion "1"]
[SourceVersionDate "2023.10.10"]
[SourceQuality "1"]

1. c4 c6 2. e4 d5 3. exd5 cxd5 4. cxd5 Nf6 5. Nc3 Nxd5 6. Bc4 Nb6 7. Bb3 Nc6 8. Nf3 e6 9. d4 Be7 10. 0-0 0-0 11. Re1 Bd7 12. d5 exd5 13. Nxd5 Nxd5 14. Qxd5 Be6 15. Qxd8 Nxd8 16. Bxe6 Nxe6 17. Bf4 Bf6 18. Be5 Bxe5 19. Rxe5 Rac8 20. Ne1 Rfd8 21. Re2 Kf8 22. g3 Nd4 23. Re4 Nc2 24. Rc1 Nxe1 25. Rexe1 Rxc1 26. Rxc1 Rd2 27. Rc8+ Ke7 28. Rc7+ Rd7 29. Rxd7+ Kxd7 30. Kf1 Ke6 31. Ke2 Ke5 32. Ke3 g5 33. f4+ gxf4+ 34. gxf4+ Kf5 35. Kf3 f6 36. h3 h6 37. Ke3 Ke6 38. Ke4 f5+ 39. Kd4 Kd6 40. b4 b5 41. h4 h5 42. a3 a6 43. Ke3 Ke6 44. Kd2 Kd6 45. Kc3 Kc6 46. Kc2 Kd6 47. Kd2 Ke6 48. Kc3 Kd6 49. Kd4 Ke6 50. Kc5 Ke7 51. Kd5 Kf6 52. Kd6 Kf7 53. Ke5 Kg6 54. Ke6 1-0

[Event "Titled Tuesday intern op 22nd Aug Early"]
[Site "Chess.com INT"]
[Date "2023.08.22"]
[Round "5"]
[White "Delgado Kuffo, Andres"]
[Black "Mrudul, Dehankar"]
[Result "1-0"]
[WhiteElo "2320"]
[BlackElo "2059"]
[PlyCount "47"]
[EventDate "2023.08.22"]
[EventType "swiss (blitz)"]
[EventRounds "11"]
[EventCountry "USA"]
[SourceTitle "EXT 2024"]
[Source "ChessBase"]
[SourceDate "2023.10.10"]
[SourceVersion "1"]
[SourceVersionDate "2023.10.10"]
[SourceQuality "1"]

1. e4 c6 2. Ne2 d5 3. e5 Bf5 4. Ng3 Bg6 5. h4 h6 6. h5 Bh7 7. e6 fxe6 8. d4 Qd6 9. Bd3 Bxd3 10. Qxd3 Nd7 11. Qg6+ Kd8 12. f4 Ngf6 13. 0-0 Rc8 14. Nd2 Kc7 15. Nf3 Kb8 16. Ne5 Ka8 17. Nf7 Qb4 18. c3 Qb6 19. Nxh8 c5 20. Rd1 cxd4 21. cxd4 e5 22. fxe5 Nxe5 23. Qf5 Neg4 24. Qxc8# 1-0